O dr. Lauro e o dinossauro (Registo nº 28260)

Detalhes MARC
000 -Etiqueta do registo
Valores 00674cam a2200241 4500
090 ## -
-- 28260
095 ## -
-- PTBN00351262
100 ## - Dados gerais de processamento
Dados gerais 20070905d1988 a y0pory5003 ba
101 0# - Língua de publicação
-- por
102 ## - País de publicação
-- PT
200 1# - Titulo e menção de responsabilidade
Título próprio O dr. Lauro e o dinossauro
Primeira menção de responsabilidade Luísa Ducla Soares
Outras menções de responsabilidade il. Henrique Cayatte
210 ## - Publicação
Local de publicação [Lisboa]
Nome do editor Livros Horizonte,
Data de publicação [D.L. 1988]
215 ## - Descrição física 
Paginação / Volumes [20] p.
Outras indicações físicas il.
Dimensões 20 cm
225 2# - Colecção 
Título próprio da colecção Rosa dos ventos
532 12 - Título desenvolvido
Título desenvolvido O doutor Lauro e o dinossauro
700 #1 - Autor principal (pessoa individual)
Apelido Soares,
Nome Luísa Ducla,
Datas 1939-
ID Autoridade 2431
702 #1 - Autor secundário (pessoa individual)
Apelido Cayatte,
Nome Henrique,
Datas 1957-
-- 440
801 #0 - Fonte de origem
País PT
Agência BN
Regras de catalogação RPC
930 ## -
-- BECRE
998 ## -
-- BN883-00204
990 ## - Elementos KOHA
Tipo de documento Livro
995 ## - Localização e informação dos exemplares
-- 18
995 ## - Localização e informação dos exemplares
-- 18
995 ## - Localização e informação dos exemplares
-- 18
995 ## - Localização e informação dos exemplares
-- 18
995 ## - Localização e informação dos exemplares
-- 18
Exemplares
Situação do levantamento Estado Biblioteca de origem Biblioteca de empréstimo Código de barras Cota Permissão de empréstimo Tipo de documento
  Completo Biblioteca do Centro Escolar de Viana do Alentejo Biblioteca do Centro Escolar de Viana do Alentejo 935BV 087.5 SOA Disponível Livro
  Completo Biblioteca do Centro Escolar de Viana do Alentejo Biblioteca do Centro Escolar de Viana do Alentejo 1271BV 087.5 SOA Disponível Livro
  Completo Biblioteca do Centro Escolar de Viana do Alentejo Biblioteca do Centro Escolar de Viana do Alentejo 1272BV 087.5 SOA Disponível Livro
  Completo Biblioteca do Centro Escolar de Viana do Alentejo Biblioteca do Centro Escolar de Viana do Alentejo 1273BV 087.5 SOA Disponível Livro
  Completo Biblioteca do Centro Escolar de Viana do Alentejo Biblioteca do Centro Escolar de Viana do Alentejo 1274BV 087.5 SOA Disponível Livro




Powered by Koha